|
|
|
|
| LEADER |
01024cam a2200277 7i4500 |
| 001 |
0000069457 |
| 005 |
20220630090000.0 |
| 020 |
|
|
|a 9781032036878 (pbk)
|
| 020 |
|
|
|a 9781003188551 (electronic book)
|
| 020 |
|
|
|a 9781032036939 (hbk)
|
| 090 |
0 |
0 |
|a RC506
|b .C65 2022
|
| 245 |
0 |
0 |
|a Clinical studies in neuropsychoanalysis revisited
|c edited by Christian Salas, Oliver Turnbull and Mark Solms.
|
| 264 |
|
|
|a London ; New York:
|b Routledge, Taylor & Francis Group,
|c 2022.
|
| 300 |
|
|
|a 1 online resource (xvii, 321 pages):
|b text fiel, PDF.
|
| 336 |
|
|
|a text
|2 rdacontent
|
| 337 |
|
|
|a computer
|2 rdamedia
|
| 338 |
|
|
|a online resource
|2 rdacarrier
|
| 650 |
|
0 |
|a Neurosciences --
|x Case studies
|
| 650 |
|
0 |
|a Psychoanalysis --
|x Case studies
|
| 655 |
|
0 |
|a Electronic books
|
| 700 |
1 |
|
|a Salas, Christian
|
| 700 |
1 |
|
|a Turnbull, Oliver
|
| 700 |
1 |
|
|a Solms, Mark
|
| 856 |
4 |
2 |
|u http://library.unisel.edu.my/web/guest/mylibrary
|
| 997 |
|
|
|a Health Sciences, Faculty
|
| 999 |
|
|
|a EBO0013130
|b EBOOK
|c EBOOK
|e Electronic resources
|